000 01013nam2a2200205 4500
001 RU\NLR\PER_A\002816763_000710
005 20250626071605.0
035 _a(NLR Aleph) 011457928
090 _a11787139
_c11787139
100 _a20170818d2017 |||y0rusy50 ca
101 0 _arus
102 _aRU
200 0 _aТ. 11, № 2
210 _d2017
_aБ. м.
461 0 _1001RU\NLR\Per\574102
_12001#$aВестник Ассоциации вузов туризма и сервиса$eнаучный журнал$vТ. 11, № 2
_92718949
_aАссоциация вузов туризма и сервиса (Москва)
_cпос. Черкизово (Московская обл.)
_d2008 -
_nРоссийский государственный университет туризма и сервиса
_oнаучный журнал
_tВестник Ассоциации вузов туризма и сервиса
_x2414-3863
_vТ. 11, № 2
852 _aNLR
_jП41/399
942 _cISSUE
980 _aNB
980 _aRUSPER